| 000 | 00606nam a2200157 a 4500 | ||
|---|---|---|---|
| 008 | 160422s2014 ||||||||||||||||| || u | ||
| 020 | _a9783642393730 | ||
| 050 | _aTP 159 Xu | ||
| 100 | _aXu, Zhonglin | ||
| 245 | 1 | 0 |
_aFundamentals of air cleaning technology and its application in cleanrooms _cBy Zhonglin Xu |
| 260 |
_aNew York _bSpringer _c2014 |
||
| 300 | _axvii,871p.: ill. | ||
| 350 | _a279.00 | ||
| 650 | _aAIR CONDITIONING--ENGINEERING | ||
| 995 |
_FCBU-MAIN LIBRARY (Kitwe) _I279.00 _UAVAILABLE _WMay 16, 2016 _ZMain Library Open Access Collection |
||
| 999 |
_c44115 _d44115 |
||